¿Areas o asignaturas? (Record no. 62744)

MARC details
000 -CABECERA
campo de control de longitud fija 00570nam a2200205 a 4500
005 - FECHA Y HORA DE LA ÚLTIMA TRANSACCIÓN
campo de control 20210219152857.0
008 - ELEMENTOS DE LONGITUD FIJA--INFORMACIÓN GENERAL
campo de control de longitud fija 991125n 000 0 spa u
035 ## - NÚMERO DE CONTROL DEL SISTEMA
Número de control de sistema UPN01000064802
100 ## - ASIENTO PRINCIPAL--NOMBRE PERSONAL
Nombre de persona LIZARRAGA CARRILLO, Salvador
222 ## - TÍTULO CLAVE
Título clave REVISTA DE LA ESCUELA NORMAL SUPERIOR DE YUCATAN
245 ## - MENCIÓN DE TÍTULO
Título ¿Areas o asignaturas?
300 ## - DESCRIPCIÓN FÍSICA
Extensión 9
362 ## - FECHAS DE PUBLICACIÓN Y/O DESIGNACIÓN SECUENCIAL
Fecha de publicación y/o designación secuencial 1986 No. 4, abr.
653 0# - TERMINO DE INDIZACION - NO CONTROLADO
Término no controlado CURRICULUM POR AREAS
653 0# - TERMINO DE INDIZACION - NO CONTROLADO
Término no controlado CURRICULUM POR ASIGNATURAS
653 0# - TERMINO DE INDIZACION - NO CONTROLADO
Término no controlado EDUCACION BASICA
653 0# - TERMINO DE INDIZACION - NO CONTROLADO
Término no controlado EDUCACION SECUNDARIA
904 ## - ELEMENTOS DE DATOS D LOCAL, LDD (RLIN)
a AC
b 002613
905 ## - TIPO DE MATERIAL
Tipo de material Articulo

No items available.